000 00605nam a22001937a 4500
003 UA-OsUOA
001 45371
007 ta
008 20111007b un ||||| |||| 00| 0 ukr d
090 _a94(477).152 США
_bЛ67
942 _cBR
040 _aUA-OsUOA
_bukr
_cUA-OsUOA
_dUA-OsUOA
245 _aЛітературно-музчиний концерт на пошану поета і письменника
_b19-го листопада 2000 р.
955 _a4
041 _aukr
080 _a94(477).152 США
650 7 _a9 Географія. Біографії. Історія
_2UDC
999 _c425474
_d425474